Highest-Grossing Bollywood Movies Released in 2019 (Top 10) - Statistics

General Stats
  • This quiz has been taken 4 times
  • The average score is 2 of 10
Answer Stats
Answer % Correct
1 War
100%
10 Dabangg 3
33%
9 Gully Boy
33%
7 Housefull 4
33%
5 Bharat
0%
6 Good Newwz
0%
3 Kabir Singh
0%
8 Mission Mangal
0%
2 Saaho
0%
4 Uri: The Surgical Strike
0%
No matching quizzes found
Score Distribution
Percent of People with Each Score
Percentile by Number Answered
Your Score History
You have not taken this quiz